000 00472nam a2200193Ia 4500
008 170918s9999 xx 000 0 und d
020 _a9780590445108
050 _bP655 1977
100 _aPinkwater, Daniel Manus
245 4 _aThe big orange splot /
245 _cby Daniel Manus Pinkwater.
260 _aNew York :
260 _bScholastic,
260 _c1977
300 _a32 pages :
300 _bcolored illustration ;
300 _c19cm.
500 _a550
999 _c342685
_d342685